000 00599nam a2200217Ii 4500
001 14977
003 CO-ViMGA
008 241108s9999||||xx |||||||||||||| ||und||
020 _a9789584513212
040 _aCO-ViMGA
_bspa
_erda
_cCO-ViMGA
041 0 _aspa
082 0 4 _a220.8321 S29
100 1 _aMarco Schwartz
_950073
245 1 0 _aEl sexo en la Biblia
264 1 _aBogotá, Colombia : Norma, 2008
300 _avolumen
336 _atext
_btxt
_2rdacontent
337 _aunmediated
_bn
_2rdamedia
338 _avolume
_bnc
_2rdacarrier
940 _aidficha_siabuc: 14667. -- ficha_no_siabuc:14977
999 _c44751
_d44751